| 000 | 00648nam a22002177a 4500 | ||
|---|---|---|---|
| 005 | 20170124105935.0 | ||
| 010 | _aA-305654 | ||
| 020 | _c00.00 | ||
| 035 | _aA-305654 | ||
| 037 | _bCen Lib/Ret | ||
| 040 |
_aDPL _bEN |
||
| 082 |
_a327.47 _bZAG |
||
| 100 |
_aZagladin, Vadim _99530 |
||
| 245 |
_aPeace : _cby Vadim Zagladin _bthe only option / |
||
| 260 |
_aNew Delhi _bAllied Publishers Private Limited _c1987 |
||
| 270 |
_a13/14 Asaf Ali Raod _bNew Delhi _e110002 |
||
| 300 |
_aviii,160p. _c21cm(Hb) |
||
| 650 |
_aNuclear disarmament -- Soviet Union. _99531 |
||
| 650 |
_aPeace. _95539 |
||
| 942 |
_2ddc _cEN _h327.47 _mZAG |
||
| 999 |
_c124144 _d124144 |
||